Poľská skaza Doprastavu

Stratové zákazky Doprastavu v Poľsku. Prvý veriteľ Doprastavu - ČSOB. Zablokovanie účtov v ČSOB. Najväčší veriteľ - Eximbanka. Meškanie dodávok a nespokojnosť poľských diaľničiarov. Nekvalitné poľské projekty. Záchrana od Eximbanky.

Uložené v:
Podrobná bibliografia
Hlavný autor: Kováč, Ján
Médium: Kapitola
Jazyk:Slovak
Predmet:
Tagy: Pridať tag
Žiadne tagy, Buďte prvý, kto otaguje tento záznam!

MARC

LEADER 00000naa a2200000 4500
001 0184527
005 20231113101204.8
041 0 |a slo 
044 |a SK 
245 1 0 |a Poľská skaza Doprastavu  |c Ján Kováč 
520 |a Stratové zákazky Doprastavu v Poľsku. Prvý veriteľ Doprastavu - ČSOB. Zablokovanie účtov v ČSOB. Najväčší veriteľ - Eximbanka. Meškanie dodávok a nespokojnosť poľských diaľničiarov. Nekvalitné poľské projekty. Záchrana od Eximbanky. 
610 2 0 |a stavebníctvo 
610 2 0 |a firmy 
610 2 0 |a diaľnice 
610 2 0 |a veritelia 
610 2 0 |a banky 
610 2 0 |a Poľsko 
610 2 0 |a Slovensko 
100 1 |a Kováč, Ján